000 00422nam a2200193Ia 4500
001 12852
003 GE_BSU
008 181216s||||||||xx |||||||||||||| ||und||
020 _a0586044477
040 _cGE_BSU
080 _a821.111-32
100 _aVirginia,Woolf.
245 _aNight and Day.
260 _aLondon.
260 _bGranada Publishinc.
300 _a460p;18cm.
653 _aNight and Day.
942 _cBK
999 _c46022
_d46022